Daňová podpora výzkumu a vývoje v České republice

Podpora výskumu a vývoja je väčšinou rozdelená na priamu a nepriamu, článok pojednáva o nepriamej podpore R&D. Nepriama podpora výskumu a vývoja je v ČR implementovaná prostredníctvom daňových nástrojov, ktoré vedú k zníženiu základu dane a dane z príjmu. Vyhodnotenie danej problematiky v ČR a pohľa...

Full description

Saved in:
Bibliographic Details
Main Author: Andrlík, Břetislav
Other Authors: Fialová, Dana
Format: Book Chapter
Language:Czech
Subjects:
Tags: Add Tag
No Tags, Be the first to tag this record!

MARC

LEADER 00000nla a2200000 4500
001 0241739
005 20240417075134.4
041 0 |a cze 
044 |a CZ 
245 1 0 |a Daňová podpora výzkumu a vývoje v České republice  |c Břetislav Andrlík, Dana Fialová 
520 |a Podpora výskumu a vývoja je väčšinou rozdelená na priamu a nepriamu, článok pojednáva o nepriamej podpore R&D. Nepriama podpora výskumu a vývoja je v ČR implementovaná prostredníctvom daňových nástrojov, ktoré vedú k zníženiu základu dane a dane z príjmu. Vyhodnotenie danej problematiky v ČR a pohľad na situáciu v zahraničí. 
610 2 0 |a výskum 
610 2 0 |a vývoj 
610 2 0 |a podpora vedy a výskumu 
610 2 0 |a dane 
610 2 0 |a základ dane 
610 2 0 |a Česko 
100 1 |a Andrlík, Břetislav 
700 1 |a Fialová, Dana